000 01269nam0a2200277 i 4500
001 RU\NLR\BIBL_A\010308240
005 20240921155842.0
010 _a9785706001339
_9500
035 _a(NLR Aleph) 010308240
090 _a10627428
_c10627428
100 _a20140421d2011 km y0rusy50 ca
101 0 _arus
_ager
102 _aRU
105 _ay|||z|||000yy
200 1 _aСтановление и актуальное состояние литературы постмодернизма в странах немецкого языка
_e(Германия, Австрия, Швейцария)
_eмонография
_fН.В. Гладилин
_gЛит. ин-т им. А.М. Горького
210 _aМосква
_cИзд-во Литературного института
_d2011
215 _a346, [1] с.
_d20
320 _aБиблиогр.: с. 305-345 (695 назв.)
606 1 _aПостмодернизм
_xв литературе
_yНемецкоязычные страны
_92519565
_3RU\NLR\AUTH\661493122
686 1 _aШ5(0)943.24-328.8
700 1 _aГладилин
_bН. В.
_gНикита Валерьевич
942 _cBOOK
980 _aNBR